000 00926cab a22002055a 4500
001 L145719
008 081103e20081031xxkad f s f000 0 eng d
035 _a(Sirsi) u145719
041 0 _aeng
100 1 _aEade, Christine
245 0 0 _aRegional Report
_bWales
260 _c2007
490 _aProperty Week
_v73(44) 31 October 2008, 73-82(7)
520 _aReports the news and deals from around the country. Considers whether the St David 2 shopping centre will attract occupiers in light of the credit crunch. Questions the viability of an office development scheme in Cardiff. Explains how financing delays are holding up a regeneration project in Newport. Reveals how lettings on former manufacturing sites are regenerating the south Wales industrial market.
590 _aKA
651 4 _aWales
_y2007-
690 _aPROPERTY-COMMERCIAL PROPERTY-COMMERCIAL PROPERTY MARKET
700 1 _aDuxbury, Nick
942 _n0
999 _c80924
_d80924